000 00244nam a2200097Ia 4500
001 881326
005 20250826182638.0
008 250824s9999 xx 000 0 und d
245 0 _aBANA İKİMİZİ ANLAT
_cAHMET BATMAN
260 _bDESTEK YAYINLARI
999 _c881326
_d881326